| 000 | 00734nam a2200205 a 4500 | ||
|---|---|---|---|
| 001 | 000015245 | ||
| 005 | 20240412074243.0 | ||
| 008 | 100203s2002 dr a 000 j spa d | ||
| 040 |
_aDO-SdBNP _bspa _cBNPHU |
||
| 082 |
_aRD863.44 _bC266g |
||
| 100 | 1 |
_aCárdenas, César _934500 |
|
| 245 | 1 | 0 |
_a¡Galiope! : _bentre el cuento y la verdad / _cCésar Cárdenas ; presentación Manuel Mora Serrano. |
| 260 |
_aSanto Domingo : _bGráficas Digdiag, _c2002. |
||
| 300 |
_a237 p. : _bil. ; _c21 cm. |
||
| 650 | 0 |
_aCuentos dominicanos _9176 |
|
| 650 | 0 |
_aLiteratura dominicana. _967 |
|
| 651 | 4 |
_aRepública Dominicana _xHistoria _zPrensa _y1956-1963, _xRelatos Personales _934501 |
|
| 700 | 1 |
_aMora Serrano, Manuel, _c1933- _95162 |
|
| 049 | _aBNPD | ||
| 999 |
_c14814 _d14814 |
||